000 00864cam a2200241 a 4500
001 15839022
005 20180122040821.0
008 090728s2009 nyua 001 0 eng
010 _a 2009378206
020 _a9781599412092 (hbk. : alk. paper)
020 _a9781599417844 (pbk. ; teacher's manual)
040 _aDLC
_cDLC
_dDLC
041 _aeng
043 _an-us---
080 _a34 KOR
082 _a34 KOR
100 1 _a14
101 _aJUR
245 1 0 _aReal estate transactions :
_cby Gerald Korngold, Paul Goldstein.
906 _a7
_bcbc
_corigcop
_d2
_encip
_f20
_gy-gencatlg
942 _2ddc
_cBK
999 _c40638
_d40638